000 00643cam a2200229 4500500
005 20260329004829.0
041 _afre
042 _adc
100 1 0 _aFesson, Sylvain
_eauthor
245 0 0 _aAgnès Gayraud. Polyvaillante
260 _c2021.
500 _a79
690 _aAccouchement
690 _aAdorno
690 _aBeauté
690 _aChanson
690 _aMaquillage
690 _aMusique
690 _aTristan Garcia
786 0 _nPhilosophie magazine | 149 | 5 | 2021-05-01 | p. 104-104 | 1951-1787
856 4 1 _uhttps://shs.cairn.info/magazine-philosophie-magazine-2021-5-page-104?lang=fr&redirect-ssocas=7080
999 _c1837724
_d1837724